Guess the Fusion Rock Song Lyrics #195 - Statistics

General Stats
  • This quiz has been taken 9 times
  • The average score is 171 of 282
Answer Stats
Answer % Correct
a
100%
I
100%
in
100%
the
100%
The
100%
and
86%
And
86%
As
86%
as
86%
But
86%
don't
86%
for
86%
from
86%
he
86%
Hear
86%
Jimmy Buffett
86%
my
86%
Not
86%
So
86%
we
86%
about
71%
all
71%
at
71%
can
71%
can't
71%
I'm
71%
is
71%
it
71%
It's
71%
just
71%
knew
71%
LIke
71%
live
71%
Now
71%
of
71%
on
71%
out
71%
she
71%
up
71%
us
71%
Where
71%
You
71%
you
71%
your
71%
good
57%
have
57%
If
57%
man
57%
One
57%
or
57%
our
57%
sailor
57%
son
57%
Son
57%
That
57%
their
57%
went
57%
always
43%
away
43%
glad
43%
gun
43%
many
43%
sea
43%
trailer
43%
wind
43%
adventure
29%
ahead
29%
banker
29%
before
29%
books
29%
captain
29%
crew
29%
crooks
29%
dozens
29%
friends
29%
heroes
29%
jailer
29%
lawyer
29%
learned
29%
meat
29%
might
29%
much
29%
Read
29%
remains
29%
rum
29%
sea's
29%
step
29%
thief
29%
ton
29%
along
14%
anchor
14%
bells
14%
border
14%
both
14%
chalked
14%
chorus
14%
cinnamon
14%
cruise
14%
disorder
14%
dreamer
14%
dreams
14%
ends
14%
Expanding
14%
fathers
14%
fathom
14%
fore
14%
future
14%
greets
14%
hails
14%
hand
14%
harnessed
14%
Haul
14%
indenture
14%
Island
14%
lady
14%
last
14%
load
14%
mango
14%
mile
14%
near
14%
released
14%
ride
14%
rigging
14%
ring
14%
Salt
14%
searchin
14%
shake
14%
sheet
14%
sings
14%
songs
14%
Southeast
14%
spices
14%
styles
14%
sweet
14%
tight
14%
toss
14%
tradition
14%
travelin
14%
Trinidad
14%
veins
14%
vices
14%
view
14%
No matching quizzes found
Score Distribution
Percent of People with Each Score
Percentile by Number Answered
Your Score History
You have not taken this quiz